000 00599cam a2200229ua 4500
020 _cRs 395.00
041 _aeng
_h
082 _a620.101
_bSHA/EN
100 _aShames, Irving H.
245 _aEngineering mechanics: statics and dynamics /
_cIrving H Shames.
_hTextual Documents
250 _a16 /
_b.
260 _aNew Delhi :
_bPearson Education Asia ,
_c1996.
300 _a1024 ; .
365 _aRs 395.00
504 _a
650 _aEngineering mathematics
942 _cBK
999 _c221
_d221